| 000 | 00721nam a22002057a 4500 | ||
|---|---|---|---|
| 003 | BD-DhUL | ||
| 005 | 20201124123515.0 | ||
| 008 | 201116s2020 bg ||||| |||| 000 0 ben | ||
| 020 | _a9789849486497 (hbk) | ||
| 040 |
_aBD-DhUL _cBD-DhUL |
||
| 082 |
_a954.92 _bGAN |
||
| 245 | 0 | 0 |
_aগণহত্যা ১৯৭১ / _cমোনায়েম সরকার। |
| 260 |
_aঢাকা : _bপারিজাত, _c২০২০। |
||
| 300 |
_a২০৭ পৃ. ; _c২২ সেমি |
||
| 365 |
_aBDT _b450.00 |
||
| 651 | 4 |
_aবাংলাদেশ _xইতিহাস। |
|
| 651 | 4 |
_aBangladesh _xHistory. |
|
| 700 | 1 |
_aসরকার, মোনায়েম _eসম্পাদক |
|
| 942 |
_2ddc _cBK |
||
| 999 |
_c252313 _d252313 |
||